[Event "FICGS class F 000014 email"]
[Site "FICGS email"]
[Date "2006.10.17"]
[Round "1"]
[White "Leo, Hanson"]
[Black "Daligcon, Nelson"]
[Result "1-0"]
[WhiteElo "1400"]
[BlackElo "1200"]
[PlyCount "27"]
[EventDate "2006.??.??"]
[EventType "tourn (corr)"]
[EventRounds "5"]
[SourceTitle "Corr 2022"]
[Source "ChessBase"]
[SourceDate "2021.10.24"]
[SourceVersion "1"]
[SourceVersionDate "2021.10.24"]
[SourceQuality "1"]

1. d4 d5 2. c4 c6 3. c5 g6 4. Qd3 Bg7 5. Nf3 Nf6 6. h3 Bf5 7. Qb3 Qc7 8. Nc3 Ne4 9. g3 Na6 10. Bf4 Qd7 11. Bg2 0-0 12. 0-0 Bxh3 13. Nxe4 dxe4 14. Ng5 1-0

[Event "FICGS class G 000007 email"]
[Site "FICGS email"]
[Date "2006.10.08"]
[Round "1"]
[White "Daligcon, Nelson"]
[Black "Weber, Roger"]
[Result "0-1"]
[WhiteElo "1200"]
[BlackElo "868"]
[PlyCount "34"]
[EventDate "2006.??.??"]
[EventType "tourn (corr)"]
[EventRounds "4"]
[SourceTitle "Corr 2022"]
[Source "ChessBase"]
[SourceDate "2021.10.24"]
[SourceVersion "1"]
[SourceVersionDate "2021.10.24"]
[SourceQuality "1"]

1. d4 e6 2. c4 Bb4+ 3. Bd2 Bxd2+ 4. Qxd2 d5 5. Nc3 Nf6 6. e3 b6 7. Nf3 c5 8. dxc5 bxc5 9. Rd1 Bb7 10. Be2 Qa5 11. 0-0 0-0 12. Rfe1 Nbd7 13. Nxd5 Qxd2 14. Nxf6+ Nxf6 15. Rxd2 Rab8 16. b3 Ne4 17. Rd7 Nc3 0-1

[Event "FICGS class G 000007 email"]
[Site "FICGS email"]
[Date "2006.10.08"]
[Round "1"]
[White "Souquiere, Florence"]
[Black "Daligcon, Nelson"]
[Result "1-0"]
[WhiteElo "1000"]
[BlackElo "1200"]
[PlyCount "37"]
[EventDate "2006.??.??"]
[EventType "tourn (corr)"]
[EventRounds "4"]
[SourceTitle "Corr 2022"]
[Source "ChessBase"]
[SourceDate "2021.10.24"]
[SourceVersion "1"]
[SourceVersionDate "2021.10.24"]
[SourceQuality "1"]

1. e4 e5 2. d3 Nf6 3. Bg5 Nc6 4. c4 Be7 5. Nc3 Nd4 6. b3 d6 7. Nf3 Bg4 8. h3 Bxf3 9. Qd2 Bh5 10. Be2 Bxe2 11. Nb5 Bh5 12. Qe3 Nc2+ 13. Kd2 Nxe3 14. Kxe3 c6 15. g3 cxb5 16. cxb5 Qb6+ 17. Kd2 Qxf2+ 18. Kc3 Nxe4+ 19. dxe4 1-0

[Event "FICGS class E 000016 email"]
[Site "FICGS email"]
[Date "2006.10.04"]
[Round "1"]
[White "Willoughby, Peter"]
[Black "Daligcon, Nelson"]
[Result "1-0"]
[WhiteElo "1596"]
[BlackElo "1200"]
[PlyCount "43"]
[EventDate "2006.??.??"]
[EventType "tourn (corr)"]
[EventRounds "5"]
[SourceTitle "Corr 2022"]
[Source "ChessBase"]
[SourceDate "2021.10.24"]
[SourceVersion "1"]
[SourceVersionDate "2021.10.24"]
[SourceQuality "1"]

1. e4 e5 2. Nf3 f5 3. exf5 Nc6 4. Bc4 d5 5. Bb5 Bd6 6. 0-0 Bxf5 7. Bxc6+ bxc6 8. d3 Ne7 9. Bg5 0-0 10. Bxe7 Qxe7 11. Nbd2 Rab8 12. b3 Bg4 13. Qc1 Qf6 14. c4 Qg6 15. Nh4 Qh6 16. Nhf3 e4 17. dxe4 Bxf3 18. Nxf3 Qh5 19. Qg5 Qe8 20. exd5 Rf6 21. Rfe1 Qf7 22. Ne5 1-0

[Event "FICGS class E 000015 email"]
[Site "FICGS email"]
[Date "2006.09.28"]
[Round "1"]
[White "Hess, Volker"]
[Black "Daligcon, Nelson"]
[Result "0-1"]
[WhiteElo "1200"]
[BlackElo "1200"]
[PlyCount "46"]
[EventDate "2006.??.??"]
[EventType "tourn (corr)"]
[EventRounds "5"]
[SourceTitle "Corr 2022"]
[Source "ChessBase"]
[SourceDate "2021.10.24"]
[SourceVersion "1"]
[SourceVersionDate "2021.10.24"]
[SourceQuality "1"]

1. e4 e5 2. Nf3 Nf6 3. Nxe5 Qe7 4. Nf3 Qxe4+ 5. Be2 Bc5 6. 0-0 0-0 7. Nc3 Qc6 8. d4 Bb6 9. Be3 d5 10. Ne5 Qe6 11. Na4 Nbd7 12. c4 Nxe5 13. cxd5 Qxd5 14. dxe5 Qxe5 15. Nxb6 axb6 16. Qb3 Be6 17. Bc4 Bxc4 18. Qxc4 Nd5 19. Bd4 Qd6 20. Rfe1 Rfe8 21. Rxe8+ Rxe8 22. Kf1 Qxh2 23. f3 Qh1+ 0-1

[Event "IECG OP.2006.0.00117"]
[Site "IECG email"]
[Date "2006.08.16"]
[Round "?"]
[White "Daligcon, Nelson"]
[Black "Baumann, Arend"]
[Result "0-1"]
[WhiteElo "1400"]
[BlackElo "1898"]
[PlyCount "50"]
[EventDate "2006.08.16"]
[EventType "tourn (corr)"]
[EventRounds "6"]
[SourceTitle "Corr 2008"]
[Source "ChessBase"]
[SourceDate "2008.06.24"]
[SourceVersion "1"]
[SourceVersionDate "2008.06.24"]
[SourceQuality "1"]

1. d4 Nf6 2. c4 g6 3. Nc3 d5 4. cxd5 Nxd5 5. e4 Nxc3 6. bxc3 c5 7. Nf3 Bg7 8. Bc4 Nc6 9. Be3 cxd4 10. cxd4 0-0 11. 0-0 Bg4 12. e5 Bxf3 13. gxf3 Qd7 14. Rb1 a6 15. Qd3 b5 16. Bb3 Bxe5 17. d5 Na5 18. Bc2 Rfd8 19. Bb6 Nc4 20. Bxd8 Rxd8 21. Rbd1 Qd6 22. h4 Nb2 23. Qe4 Nxd1 24. Rxd1 Rc8 25. h5 Rc4 0-1

[Event "IECG SL.2006.0.00046"]
[Site "IECG email"]
[Date "2006.08.11"]
[Round "?"]
[White "Daligcon, Nelson"]
[Black "Sarihan, Sefa"]
[Result "0-1"]
[WhiteElo "800"]
[BlackElo "1142"]
[PlyCount "52"]
[EventDate "2006.08.11"]
[EventType "tourn (corr)"]
[EventRounds "6"]
[SourceTitle "Corr 2008"]
[Source "ChessBase"]
[SourceDate "2008.06.24"]
[SourceVersion "1"]
[SourceVersionDate "2008.06.24"]
[SourceQuality "1"]

1. e4 e5 2. d4 exd4 3. c3 dxc3 4. Nxc3 Ne7 5. Bc4 c6 6. Qf3 f6 7. e5 d5 8. exf6 dxc4 9. f7+ Kd7 10. Qd1+ Nd5 11. Nxd5 cxd5 12. Qxd5+ Bd6 13. Bf4 Qf6 14. Ne2 Ke7 15. Bg5 Be6 16. Bxf6+ gxf6 17. Qxb7+ Nd7 18. Nd4 Rab8 19. Nc6+ Kxf7 20. Nxb8 Rxb8 21. Qe4 f5 22. Qh4 Nf6 23. Qd4 Bb4+ 24. Kf1 Rb7 25. h4 h5 26. Rh3 Rd7 0-1

[Event "IECG SL.2006.0.00046"]
[Site "IECG email"]
[Date "2006.08.11"]
[Round "?"]
[White "Zimmermann, Jan Erik"]
[Black "Daligcon, Nelson"]
[Result "1-0"]
[WhiteElo "1008"]
[BlackElo "800"]
[PlyCount "53"]
[EventDate "2006.08.11"]
[EventType "tourn (corr)"]
[EventRounds "6"]
[SourceTitle "Corr 2008"]
[Source "ChessBase"]
[SourceDate "2008.06.24"]
[SourceVersion "1"]
[SourceVersionDate "2008.06.24"]
[SourceQuality "1"]

1. e4 e5 2. d4 exd4 3. Qxd4 Nc6 4. Qe3 d6 5. Bb5 Nge7 6. Na3 a6 7. Bc4 Ng6 8. Nf3 Be7 9. 0-0 0-0 10. c3 Na5 11. Bd3 Be6 12. b4 Nc6 13. Bb2 Nce5 14. Nxe5 Nxe5 15. Rad1 Bxa2 16. f4 Nxd3 17. Rxd3 Qc8 18. Qg3 f6 19. c4 b5 20. cxb5 axb5 21. Ra1 Bf7 22. e5 dxe5 23. fxe5 fxe5 24. Bxe5 Bg6 25. Rc1 Bf6 26. Rdc3 Bxe5 27. Qxe5 1-0